<?xml version="1.0" encoding="UTF-8"?><record xmlns="http://www.loc.gov/MARC21/slim" xmlns:zs="http://docs.oasis-open.org/ns/search-ws/sruResponse">
  <leader>02975cim a22005777a 4500</leader>
  <controlfield tag="001">19272449</controlfield>
  <controlfield tag="005">20250607072518.8</controlfield>
  <controlfield tag="007">sd dmsdnnmslua</controlfield>
  <controlfield tag="008">160913s1920    ctunnn         l    eng  </controlfield>
  <datafield ind1=" " ind2=" " tag="035">
    <subfield code="a">19272449</subfield>
  </datafield>
  <datafield ind1=" " ind2=" " tag="906">
    <subfield code="a">7</subfield>
    <subfield code="b">cbc</subfield>
    <subfield code="c">orignew</subfield>
    <subfield code="d">2</subfield>
    <subfield code="e">ncip</subfield>
    <subfield code="f">20</subfield>
    <subfield code="g">y-soundrec</subfield>
  </datafield>
  <datafield ind1=" " ind2=" " tag="955">
    <subfield code="a">LCAP batch update 2025-06-02-04:00: LCAPM-1017</subfield>
  </datafield>
  <datafield ind1=" " ind2=" " tag="010">
    <subfield code="a">  2016655157</subfield>
  </datafield>
  <datafield ind1="0" ind2="0" tag="028">
    <subfield code="a">N.F. 14</subfield>
    <subfield code="b">Nation's Forum</subfield>
  </datafield>
  <datafield ind1="1" ind2="0" tag="028">
    <subfield code="a">49843</subfield>
    <subfield code="b">Nation's Forum</subfield>
  </datafield>
  <datafield ind1="0" ind2="0" tag="033">
    <subfield code="a">19200525</subfield>
  </datafield>
  <datafield ind1=" " ind2=" " tag="040">
    <subfield code="a">DLC</subfield>
    <subfield code="c">DLC</subfield>
  </datafield>
  <datafield ind1=" " ind2=" " tag="043">
    <subfield code="a">n-us---</subfield>
  </datafield>
  <datafield ind1="0" ind2="0" tag="050">
    <subfield code="a">Nation's Forum N.F. 14</subfield>
  </datafield>
  <datafield ind1="1" ind2=" " tag="100">
    <subfield code="a">Cummings, Homer S.</subfield>
    <subfield code="q">(Homer Stillé),</subfield>
    <subfield code="d">1870-1956.</subfield>
    <subfield code="4">spk</subfield>
  </datafield>
  <datafield ind1="1" ind2="0" tag="245">
    <subfield code="a">President Wilson</subfield>
    <subfield code="h">[sound recording] /</subfield>
    <subfield code="c">by Homer S. Cummings, as temporary chairman, Democratic National Convention, San Francisco, June 28, 1920.</subfield>
  </datafield>
  <datafield ind1=" " ind2="1" tag="264">
    <subfield code="a">Bridgeport, Conn. :</subfield>
    <subfield code="b">Made by the Columbia Graphophone Manufacturing Company,</subfield>
    <subfield code="c">[1920].</subfield>
  </datafield>
  <datafield ind1=" " ind2=" " tag="300">
    <subfield code="a">on 1 side of 1 sound disc (4 min., 46 sec.) :</subfield>
    <subfield code="b">analog, 78 rpm, mono. ;</subfield>
    <subfield code="c">12 in.</subfield>
  </datafield>
  <datafield ind1=" " ind2=" " tag="306">
    <subfield code="a">000446</subfield>
  </datafield>
  <datafield ind1=" " ind2=" " tag="336">
    <subfield code="a">spoken word</subfield>
    <subfield code="b">spw</subfield>
    <subfield code="2">rdacontent</subfield>
  </datafield>
  <datafield ind1=" " ind2=" " tag="337">
    <subfield code="a">audio</subfield>
    <subfield code="b">s</subfield>
    <subfield code="2">rdamedia</subfield>
  </datafield>
  <datafield ind1=" " ind2=" " tag="338">
    <subfield code="a">audio disc</subfield>
    <subfield code="b">sd</subfield>
    <subfield code="2">rdacarrier</subfield>
  </datafield>
  <datafield ind1=" " ind2=" " tag="500">
    <subfield code="a">Nation's Forum: 49843 (matrix).</subfield>
  </datafield>
  <datafield ind1=" " ind2=" " tag="500">
    <subfield code="a">Believed to be take 3.</subfield>
  </datafield>
  <datafield ind1=" " ind2=" " tag="500">
    <subfield code="a">Sound quality: very good.</subfield>
  </datafield>
  <datafield ind1=" " ind2=" " tag="500">
    <subfield code="a">Inscribed under label: 3-A-2.</subfield>
  </datafield>
  <datafield ind1=" " ind2=" " tag="500">
    <subfield code="a">Production level cataloging.</subfield>
  </datafield>
  <datafield ind1=" " ind2=" " tag="501">
    <subfield code="a">Issued with: Summons to duty, Nation's Forum N.F. 14 (matrix 49844).</subfield>
  </datafield>
  <datafield ind1="4" ind2=" " tag="510">
    <subfield code="a">Rigler and Deutsch index,</subfield>
    <subfield code="c">DLC 182/1250</subfield>
  </datafield>
  <datafield ind1="4" ind2=" " tag="510">
    <subfield code="a">Goldenberg, D. "Nation's Forum : a history and discography," The Discographer,</subfield>
    <subfield code="c">v. 2, n. 4</subfield>
  </datafield>
  <datafield ind1="0" ind2=" " tag="511">
    <subfield code="a">Homer S. Cummings, speaker.</subfield>
  </datafield>
  <datafield ind1=" " ind2=" " tag="518">
    <subfield code="a">Recorded May 25, 1920, New York, N.Y.</subfield>
  </datafield>
  <datafield ind1=" " ind2=" " tag="520">
    <subfield code="a">Speech given by Homer S. Cummings, temporary chairman, Democratic National Committee. "Republican leaders have been moved by a strange jealousy of the President... Political malice followed the President to the peace table...The President made every sacrifice -- including health -- for the cause of peace."</subfield>
  </datafield>
  <datafield ind1=" " ind2=" " tag="530">
    <subfield code="a">Also available in digital form on the Library of Congress Web site.</subfield>
  </datafield>
  <datafield ind1=" " ind2=" " tag="540">
    <subfield code="a">Digital version reproduced by the Library of Congress through the generosity of the family of Guy Golterman and with the cooperation of CBS-Sony Records and the Recording Industry Association of America.</subfield>
  </datafield>
  <datafield ind1=" " ind2=" " tag="588">
    <subfield code="a">Source used: M/B/RS Recorded Sound Section Subjects files; discographical sources.</subfield>
  </datafield>
  <datafield ind1="1" ind2="0" tag="600">
    <subfield code="a">Cummings, Homer S.</subfield>
    <subfield code="q">(Homer Stillé),</subfield>
    <subfield code="d">1870-1956</subfield>
    <subfield code="x">Political and social views.</subfield>
  </datafield>
  <datafield ind1="1" ind2="0" tag="600">
    <subfield code="a">Wilson, Woodrow,</subfield>
    <subfield code="d">1856-1924.</subfield>
  </datafield>
  <datafield ind1="2" ind2="0" tag="610">
    <subfield code="a">Democratic Party (U.S.)</subfield>
  </datafield>
  <datafield ind1=" " ind2="0" tag="650">
    <subfield code="a">Speeches, addresses, etc., American.</subfield>
  </datafield>
  <datafield ind1=" " ind2="0" tag="650">
    <subfield code="a">Campaign literature, 1920</subfield>
    <subfield code="x">Democratic.</subfield>
  </datafield>
  <datafield ind1=" " ind2="0" tag="650">
    <subfield code="a">Live sound recordings.</subfield>
  </datafield>
  <datafield ind1=" " ind2="0" tag="651">
    <subfield code="a">United States</subfield>
    <subfield code="x">Politics and government</subfield>
    <subfield code="y">1913-1921.</subfield>
  </datafield>
  <datafield ind1="2" ind2=" " tag="710">
    <subfield code="a">Nation's Forum Collection (Library of Congress)</subfield>
    <subfield code="5">DLC</subfield>
  </datafield>
  <datafield ind1="4" ind2="1" tag="856">
    <subfield code="3">digital audio</subfield>
    <subfield code="d">nforum</subfield>
    <subfield code="f">9000015</subfield>
    <subfield code="u">http://hdl.loc.gov/loc.mbrsrs/nforum.9000015</subfield>
  </datafield>
  <datafield ind1=" " ind2=" " tag="985">
    <subfield code="a">natfor</subfield>
    <subfield code="e">ammem</subfield>
  </datafield>
</record>
